Valorant ranks by picture (2026) - Statistics

General Stats
  • This quiz has been taken 47 times
  • The average score is 9 of 9
Answer Stats
Picture Answer % Correct
Bronze
100%
Gold
100%
Immortal
100%
Radiant
100%
Silver
100%
Diamond
97%
Iron
97%
Ascendant
91%
Platinum
91%
No matching quizzes found
Score Distribution
Percent of People with Each Score
Percentile by Number Answered
Your Score History
You have not taken this quiz